000 00438nab a2200145Ia 4500
003 ES-SlBCS
005 20210707132517.0
008 140529s2002 xxu||||| |||| 00| 0 por d
041 _apor
100 1 _aPerine, Marcelo
_966479
245 0 0 _aÉtica e sociedade. Razao teórica versus razao técnica
_c Marcelo Perine
650 0 4 _aÉtica-Sociedad
_9177116
773 0 _tSintese
_gvol. 29, nº. 93, 2002, págs. 49-68
_wRev973
942 _cAR
999 _c604528
_d604528